Fisiología médica
Kaydedildi:
| Yazar: | |
|---|---|
| Materyal Türü: | Kitap |
| Dil: | İspanyolca |
| Baskı/Yayın Bilgisi: |
Ciudad de México, México
El Manual Moderno
2002
|
| Edisyon: | Décima octava edición |
| Konular: | |
| Etiketler: |
Etiketle
Etiket eklenmemiş, İlk siz ekleyin!
|
MARC
| LEADER | 00000nam a2200000 a 4500 | ||
|---|---|---|---|
| 001 | UCL2298 | ||
| 003 | CL-VaPUC | ||
| 005 | 20241218114437.0 | ||
| 008 | 031017e20020000MX |||||||||||||||||spa|d | ||
| 999 | |c 305642 |d 305640 | ||
| 020 | |a 9684269943 | ||
| 040 | |c Pontificia Universidad Católica de Valparaíso | ||
| 082 | 0 | 4 | |a 612 GAN 2002 |2 21 |
| 100 | |a Ganong, William Francis |9 574663 | ||
| 245 | 1 | 0 | |a Fisiología médica |
| 250 | |a Décima octava edición | ||
| 260 | 0 | 3 | |a Ciudad de México, México |b El Manual Moderno |c 2002 |
| 300 | |a 917 páginas | ||
| 583 | |a last modification |c 20031017 00:00:00 |k Rodrigo Vera | ||
| 650 | 0 | |a Fisiología medica |x Fisiología celular |2 CL-VaPUC |9 343796 | |
| 650 | 0 | |a Fisiología humana |x Cuerpo humano |9 335883 | |
| 650 | 0 | |a Neurofisiología |9 269557 | |
| 942 | |c BK |2 ddc | ||
| 945 | |d 20031017 00:00:00 |a cmena | ||
| 952 | |0 0 |1 0 |2 ddc |4 0 |6 612_000000000000000_GAN_2002 |7 0 |8 A |9 369809 |a BIBCUR |b BIBCUR |d 2019-11-21 |i 3951235 |o 612 GAN 2002 |p 3951235 |r 2025-04-22 |t 1 |w 2019-11-21 |y BK |k BIO | ||